Premier league trivia - Statistics

General Stats
  • This quiz has been taken 2,122 times
  • The average score is 14 of 23
Answer Stats
Question Answer % Correct
Which team has won the Premier League the most times? Manchester United
98%
Team that have won the Premier League Manchester United
98%
Which Striker has scored the most Premier League goals? Alan Shearer
92%
Team that have won the Premier League Manchester City
89%
Team that have won the Premier League Chelsea
83%
Team that have won the Premier League Arsenal
82%
How many teams qualify for the Champiosn League each year from the Premier League? 4
78%
How many teams are relegated each season from the Premier League? 3
77%
Which player was sold by Tottenham for a world record fee of £85.3 million by Real Madrid? Gareth Bale
74%
Team that have won the Premier League Blackburn
72%
Team which holds records for fewest home wins in a season? Derby
70%
Who has won the Premier League golden boot the most times? Thierry Henry
70%
Which player has made the most Premier League appearances? Ryan Giggs
61%
Which goalkeepers holds the joint record for the most clean sheets in 1 season? Petr Cech
58%
Who holds the record for the most consecutive seasons to score at least 10 goals? Frank Lampard
38%
Which player holds the record for the most consecutive Premier League matches scored in? Ruud Van Nistelrooy
38%
Which goalkeepers holds the joint record for the most clean sheets in 1 season? Edwin Van Der Sar
35%
Which player is the most expensive signing by a Premier League Club? Fernando Torres
35%
Team which holds records for fewest home wins in a season? Sunderland
34%
Who did Manchester United sign for £37.1 million? Juan Mata
29%
Who holds the record for the most goals scored by a substitute in a Premier League match? Ole Gunnar Solskjaer
28%
Who has scored the most goals in a calender month? Luis Suarez
25%
Which team holds the record for the most goals conceded in a 42 game season? Swindon
21%
No matching quizzes found
Score Distribution
Percent of People with Each Score
Percentile by Number Answered
Your Score History
You have not taken this quiz